Guide to environmental performance clauses (Record no. 110143)
[ view plain ]
| 000 -LEADER | |
|---|---|
| fixed length control field | 01303cad a22002295a 4500 |
| 001 - CONTROL NUMBER | |
| control field | E148636 |
| 008 - FIXED-LENGTH DATA ELEMENTS--GENERAL INFORMATION | |
| fixed length control field | 091013s2009 at f 000 0 eng d |
| 035 ## - SYSTEM CONTROL NUMBER | |
| System control number | (Sirsi) u148637 |
| 041 0# - LANGUAGE CODE | |
| Language code of text/sound track or separate title | eng |
| 050 04 - LIBRARY OF CONGRESS CALL NUMBER | |
| Classification number | 346.410434 $2 18 |
| 110 2# - MAIN ENTRY--CORPORATE NAME | |
| Corporate name or jurisdiction name as entry element | Royal Institution of Chartered Surveyors |
| Subordinate unit | Oceania |
| 9 (RLIN) | 5802 |
| 245 00 - TITLE STATEMENT | |
| Title | Guide to environmental performance clauses |
| Remainder of title | commercial property leases, Australia |
| Medium | [electronic resource] |
| 260 ## - PUBLICATION, DISTRIBUTION, ETC. | |
| Place of publication, distribution, etc. | Sydney |
| Name of publisher, distributor, etc. | RICS Oceania |
| Date of publication, distribution, etc. | 2009 |
| 505 2# - FORMATTED CONTENTS NOTE | |
| Formatted contents note | Purpose -- Preamble -- The proposal for lease documentation/house rules -- Managing and monitoring the building -- Standards for the building, benchmark targets -- Environmental performance criteria: management; energy; water; transport; materials; emissions; waste; indoor environment quality -- Examples of environmental initiatives -- Energy performance adverse impact guidelines -- References |
| 520 ## - SUMMARY, ETC. | |
| Summary, etc. | Offers guidance on the inclusion of environmental performance clauses within commercial leases. |
| 521 ## - TARGET AUDIENCE NOTE | |
| Target audience note | Advanced |
| 590 ## - LOCAL NOTE (RLIN) | |
| Local note | KA |
| 651 #4 - SUBJECT ADDED ENTRY--GEOGRAPHIC NAME | |
| Geographic name | Australia |
| 690 ## - LOCAL SUBJECT ADDED ENTRY--TOPICAL TERM (OCLC, RLIN) | |
| Topical term or geographic name as entry element | PROPERTY-COMMERCIAL PROPERTY-COMMERCIAL LANDLORD AND TENANT-COMMERCIAL LEASES |
| 856 40 - ELECTRONIC LOCATION AND ACCESS | |
| Uniform Resource Identifier | <a href="https://www.rics.org/site/scripts/download_info.aspx?fileID=4437&categoryID=474">https://www.rics.org/site/scripts/download_info.aspx?fileID=4437&categoryID=474</a> |
| Public note | View the item free of charge at www.rics.org... |
| 942 ## - ADDED ENTRY ELEMENTS (KOHA) | |
| Suppress in OPAC | 0 |
| Withdrawn status | Lost status | Source of classification or shelving scheme | Damaged status | Not for loan | Home library | Current library | Shelving location | Date acquired | Total Checkouts | Full call number | Barcode | Date last seen | Copy number | Price effective from | Koha item type |
|---|---|---|---|---|---|---|---|---|---|---|---|---|---|---|---|
| Dewey Decimal Classification | Virtual | Virtual | Online | 13/10/2009 | ONLINE PUBLICATION | 148637-2001 | 06/08/2019 | 1 | 06/08/2019 | Book |